Loading...
| Fine Arts - Painting and Sculpture | 0 | 7 | 3 | 0 | 55 | 29 | 50.43 | 3 | 6 | 0.00 | 0.00 |
| Philosophy | 0 | 5 | 0 | 0 | 50 | 34 | 75.00 | 1 | 1 | 0.00 | 0.00 |
| Literature - British | 0 | 5 | 0 | 0 | 50 | 77 | 94.40 | 0 | 1 | 0.00 | 0.00 |
| History - American | 0 | 6 | 2 | 0 | 50 | 35 | 56.50 | 1 | 6 | 0.00 | 0.00 |
| Fine Arts - Other | 0 | 5 | 1 | 0 | 45 | 10 | 57.00 | 2 | 2 | 0.00 | 0.00 |
| Literature - American | 0 | 4 | 0 | 2 | 40 | 26 | 86.50 | 1 | 1 | 0.00 | 0.00 |
| History - European | 0 | 4 | 0 | 0 | 40 | 36 | 52.00 | 0 | 3 | 0.00 | 0.00 |
| Social Science | 0 | 4 | 1 | 0 | 35 | 49 | 59.00 | 2 | 3 | 0.00 | 0.00 |
| History - World | 0 | 3 | 1 | 0 | 25 | 59 | 67.67 | 0 | 0 | 0.00 | 0.00 |
| Literature - European | 0 | 2 | 1 | 0 | 15 | 57 | 89.00 | 1 | 1 | 0.00 | 0.00 |
| Literature - World | 0 | 2 | 1 | 0 | 15 | 96 | 113.50 | 0 | 0 | 0.00 | 0.00 |
| Mythology | 0 | 1 | 0 | 0 | 10 | 117 | 117.00 | 0 | 0 | 0.00 | 0.00 |
| Geography | 0 | 1 | 0 | 0 | 10 | 44 | 44.00 | 0 | 1 | 0.00 | 0.00 |
| Fine Arts - Classical Music | 0 | 1 | 0 | 0 | 10 | 107 | 107.00 | 0 | 0 | 0.00 | 0.00 |
| Religion | 0 | 1 | 0 | 1 | 10 | 119 | 119.00 | 0 | 0 | 0.00 | 0.00 |
| Current Events | 0 | 1 | 1 | 1 | 5 | 109 | 109.00 | 0 | 0 | 0.00 | 0.00 |
| History - Other | 0 | 1 | 1 | 0 | 5 | 56 | 56.00 | 1 | 1 | 0.00 | 0.00 |
| Science - Other | 0 | 1 | 1 | 0 | 5 | 24 | 24.00 | 0 | 1 | 0.00 | 0.00 |
| Popular Culture | 0 | 0 | 0 | 0 | 0 | 0.00 | 0 | 0 | 0.00 | 0.00 |